|
|
|
|
| LEADER |
00000nam0a2200000 4500 |
| 001 |
253461 |
| 005 |
20231101232839.0 |
| 010 |
|
|
|a 5020019917
|
| 035 |
|
|
|a (RuTPU)RU\TPU\book\275850
|
| 090 |
|
|
|a 253461
|
| 100 |
|
|
|a 20140313d1989 k y0rusy50 ca
|
| 101 |
0 |
|
|a rus
|
| 102 |
|
|
|a RU
|
| 105 |
|
|
|a ab z 001zy
|
| 200 |
1 |
|
|a Раздельный прогноз и формирование углеводородных систем
|f А. С. Ровенская, Н. Н. Немченко
|g Академия наук СССР (АН СССР), Институт геологии и разработки горючих ископаемых (ИГиРГИ) ; под ред. Н. А. Еременко
|
| 210 |
|
|
|a Москва
|c Наука
|d 1989
|
| 215 |
|
|
|a 128 с.
|c ил.
|
| 320 |
|
|
|a Библиогр.: с. 124-126.
|
| 606 |
1 |
|
|a Нефтегазоносность
|x Прогноз
|2 stltpush
|3 (RuTPU)RU\TPU\subj\45617
|9 64810
|
| 610 |
1 |
|
|a углеводородные системы
|
| 610 |
1 |
|
|a формирование
|
| 610 |
1 |
|
|a залежи
|
| 610 |
1 |
|
|a фазовое состояние
|
| 610 |
1 |
|
|a катагенез
|
| 610 |
1 |
|
|a нефти
|
| 610 |
1 |
|
|a нефтегазоносные провинции
|
| 610 |
1 |
|
|a Западная Сибирь
|
| 675 |
|
|
|a 553.98.044
|v 3
|
| 700 |
|
1 |
|a Ровенская
|b А. С.
|g Алла Семеновна
|
| 701 |
|
1 |
|a Немченко
|b Н. Н.
|g Николай Николаевич
|
| 702 |
|
1 |
|a Еременко
|b Н. А.
|4 340
|
| 712 |
0 |
2 |
|a Академия наук СССР (АН СССР)
|b Институт геологии и разработки горючих ископаемых (ИГиРГИ)
|c (Москва)
|c (1958-????)
|2 stltpush
|3 (RuTPU)RU\TPU\col\13483
|
| 801 |
|
1 |
|a RU
|b 63413507
|c 20140313
|
| 801 |
|
2 |
|a RU
|b 63413507
|c 20140919
|g RCR
|
| 942 |
|
|
|c BK
|